| 000 | 00360cam a2200145ua 4500 | ||
|---|---|---|---|
| 041 |
_aeng _h |
||
| 082 |
_a541.394 _bFRE/KI |
||
| 100 | _aFrenkel, J . | ||
| 245 |
_aKinetic theory of liquids / _cJ Frenkel. _hTextual Documents |
||
| 260 |
_aNew York : _bDover Publications , _c1946. |
||
| 300 | _a488 ; . | ||
| 504 | _a | ||
| 942 | _cBK | ||
| 999 |
_c10319 _d10319 |
||